000 00400nam a2200133Ia 4500
008 151001s9999||||xx |||||||||||||| ||und||
100 _aराजा पारगांवकर
245 _aसेन्सेशन
250 _a1
260 _bबांदोडकर पब्लिशिंग कंपनी मुंबई
260 _c1984
300 _a175
365 _b18
999 _c964201
_d964198